000
00180nam a2200073Ia 4500
008
170620s9999 xx 000 0 und d
100
_a
K. C. Agarwal
245
0
_a
Prathmik Star Per Adhyapak Karya
260
_b
APOLO
999
_c
27311
_d
27311